00383 2200157 4500001002100000005001500021035002000036245004000056100001900096300002600115260002800141082000800169084001400177020002200191990001200213INLIS00000000000295620250917014854 a0010-09250003031 aKIsah Kasih Nyata /cNadya Meisitha0 aNadya Meisitha a292 hlm ;c13 x 19 cm aJakarta :bZettu,c2014 a813 a813 NAD k a978-602-7999-93-0 a0755677